The truth and reconciliation commission (Record no. 631063)
[ view plain ]
| 000 -LEADER | |
|---|---|
| fixed length control field | 00734nam a22002297a 4500 |
| 003 - CONTROL NUMBER IDENTIFIER | |
| control field | 330010 |
| 005 - DATE AND TIME OF LATEST TRANSACTION | |
| control field | 20260409135844.0 |
| 008 - FIXED-LENGTH DATA ELEMENTS--GENERAL INFORMATION | |
| fixed length control field | 231024b sa ||||| |||| 00| 0 eng d |
| 020 ## - INTERNATIONAL STANDARD BOOK NUMBER | |
| International Standard Book Number | <a href="9781431424108">9781431424108</a> |
| Qualifying information | (pbk) |
| 040 ## - CATALOGING SOURCE | |
| Original cataloging agency | RDA |
| Transcribing agency | 3228 |
| 041 ## - LANGUAGE CODE | |
| Language | English |
| 082 ## - DEWEY DECIMAL CLASSIFICATION NUMBER | |
| Classification number | 986.07 BURT |
| 942 ## - ADDED ENTRY ELEMENTS | |
| Modifier ID | 416 |
| Modifier Name | Yoliswa Sabana |
| 100 ## - MAIN ENTRY--PERSONAL NAME | |
| Personal name | Burton, Mary Ingouville |
| 245 ## - TITLE STATEMENT | |
| Title | The truth and reconciliation commission |
| Cover Title | hard cover |
| Statement of responsibility, etc. | Burton, May Ingouville |
| 260 ## - PUBLICATION, DISTRIBUTION, ETC. | |
| Place of publication, distribution, etc. | Sunnyside; |
| Name of publisher, distributor, etc. | Jacana Media; |
| Date of publication, distribution, etc. | 2016. |
| 300 ## - PHYSICAL DESCRIPTION | |
| Extent | 158 pages |
| Dimensions | 18 centimetre |
| 490 ## - SERIES STATEMENT | |
| Series statement | Jacana Pocket series |
| Materials specified | ddc |
| 504 ## - BIBLIOGRAPHY, ETC. NOTE | |
| Bibliography, etc. note | index |
| 650 ## - SUBJECT ADDED ENTRY--TOPICAL TERM | |
| Topical term or geographic name entry element | Truth and reconciliation commission; Raparations; Human rights; Restorative justice |
| Geographic subdivision | South Africa |
| 9 (RLIN) | 183383 |
| 942 ## - ADDED ENTRY ELEMENTS | |
| Source of classification or shelving scheme | Dewey Decimal Classification |
| item type | Books |
| Withdrawn status | Lost status | Source of classification or shelving scheme | Damaged status | Not for loan | Collection code | Home library | Current library | Shelving location | Date acquired | Cost, normal purchase price | Total Checkouts | Full call number | Barcode | Date last seen | Cost, replacement price | Price effective from | item type | Inventory number |
|---|---|---|---|---|---|---|---|---|---|---|---|---|---|---|---|---|---|---|
| LYDENBURG REGIONAL LIBRARY | Acornhoek Public Library (Under renovation) | Non Fiction | 29.03.2023 | 986.07 BURT | 33228031026075 | |||||||||||||
| 900: History & Geography | Standerton Regional Library | Bethal | General Stacks | 29.08.2023 | 165.00 | 986.07 BURT | 33228031153864 | Book | ||||||||||
| LYDENBURG REGIONAL LIBRARY | Graskop | Non Fiction | 19.04.2023 | 986.07 BURT | 33228031029106 | |||||||||||||
| Dewey Decimal Classification | 900: History & Geography | Standerton Regional Library | Grootvlei | General Stacks | 24.10.2023 | 165.00 | 986.07 BURT | 33228031013470 | 24.10.2023 | 24.10.2023 | Book | |||||||
| Dewey Decimal Classification | 900: History & Geography | ERMELO REGIONAL LIBRARY | Khuluwazi Public Library | General Stacks | 06.02.2024 | 165.00 | 986.07 BURT 23 | 3322803176551 | 06.02.2024 | 06.02.2024 | Book | |||||||
| Dewey Decimal Classification | 900: History & Geography | Mbombela City Library | Mbombela City Library | Non Fiction | 09.04.2026 | 986.07 BURT | 33228031024512 | 09.04.2026 | 09.04.2026 | Books | 33228031024512 | |||||||
| Dewey Decimal Classification | 900: History & Geography | Stanwest Public Library | Stanwest Public Library | General Stacks | 04.03.2022 | 165.00 | 986.07 BURT | 33228031006778 | 04.03.2022 | 165.00 | 04.03.2022 | Book | ||||||
| Dewey Decimal Classification | 900: History & Geography | Stanwest Public Library | Stanwest Public Library | General Stacks | 04.03.2022 | 165.00 | 986.07 BURT | 33228031006779 | 04.03.2022 | 165.00 | 04.03.2022 | Book | ||||||
| LYDENBURG REGIONAL LIBRARY | Thulamahashe | 30.05.2023 | 986.07 BURT | 33228031026176 | 30.05.2023 | 30.05.2023 | ||||||||||||
| Dewey Decimal Classification | 900: History & Geography | Standerton Regional Library | eMbalenhle | General Stacks | 09.11.2023 | 165.00 | 986.07 BURT | 33228031013700 | 09.11.2023 | 09.11.2023 | Book | |||||||
| 900: History & Geography | Standerton Regional Library | eMzinoni | Non Fiction | 21.08.2023 | 165.00 | 986.07 BURT | 33228031153819 | 21.08.2023 | 21.08.2023 | Book |